Obálka Náhled e-knihy:
PDF Epub
Pro půjčování e-knih musíte být přihlášeni.
Jak si půjčit online?

S láskou z parku /

Claire sa naplno venuje práci a jej súkromný život ide bokom. Podobne je na tom aj Ashwin, ktorý sa s ňou doslova zrazí na stanici, čím sa ich životné cesty pretnú. To, čo spočiatku vyzerá nádejne, však nemá dlhé trvanie. Claire trpí syndrómom vyhorenia, musí sa postarať o svoje dve netere a do toho...

Celý popis

Uloženo v:
Série:S láskou z...(SK), část 8
Hlavní autor: Wake, Jules (Autor)
Médium: E-kniha
Jazyk:Czech
Vydáno: Praha : Albatros Media Slovakia s.r.o., 2026
Příbuzné jednotky:Z cyklu:: S láskou z...(SK)
Tagy:
Žádné tagy
LEADER 01555nam a22002417i 4500
001 302753
007 ta
008 260514s2026 xr ||||| |||| 00| 0 cze d
020 |a 9788056651919 
044 |a xr 
100 1 |a  Wake, Jules  |4 aut 
245 1 0 |a S láskou z parku /  |c  Wake, Jules 
240 1 0 |a The Saturday Morning Park Run 
264 1 |a Praha :  |b Albatros Media Slovakia s.r.o.,  |c 2026 
300 |a 1 online zdroj (392 stran) 
336 |a text  |b txt  |2 rdacontent 
337 |a bez média  |b n  |2 rdamedia 
338 |a online zdroj  |b cr  |2 rdacarrier 
520 2 |a Claire sa naplno venuje práci a jej súkromný život ide bokom. Podobne je na tom aj Ashwin, ktorý sa s ňou doslova zrazí na stanici, čím sa ich životné cesty pretnú. To, čo spočiatku vyzerá nádejne, však nemá dlhé trvanie. Claire trpí syndrómom vyhorenia, musí sa postarať o svoje dve netere a do toho ju Ash začne bez vysvetlenia ignorovať. Útechu nájde v parku, kde spozná všetečnú seniorku Hildu. Tá ju privedie k behaniu a okľukou aj späť k Ashwinovi. 
787 0 8 |g 8  |i Z cyklu:  |t S láskou z...(SK) 
910 |a RBIT002 
998 |d 427011  |a https://core.palmknihy.cz/api/books/427011/cover?tesgin  |b https://core.palmknihy.cz/api/books/427011/cover/400?tesgin  |c https://core.palmknihy.cz/api/books/427011/cover/50?tesgin  |e 2030-11-19  |g 392  |i 9788056651919  |j https://core.palmknihy.cz/api/books/427011/preview.epub  |k https://core.palmknihy.cz/api/books/427011/preview.pdf  |l   |q 49  |r 1  |s https://www.palmknihy.cz/kniha/427011  |t ebook  |y 2026  |z 1  |v S láskou z...(SK)  |w 8 
999 |d 302751